[Event "Bonn GSK"]
[Site "Bonn"]
[Date "1996.??.??"]
[Round "?"]
[White "Gurevich, Mikhail"]
[Black "Miezis, Normunds"]
[Result "1-0"]
[WhiteElo "2605"]
[BlackElo "2530"]
[Annotator "Gurevich,M"]
[PlyCount "127"]
[EventDate "1996.08.??"]
[EventType "tourn"]
[EventRounds "12"]
[EventCountry "GER"]
[EventCategory "12"]
[SourceTitle "CBM 056"]
[Source "ChessBase"]
[SourceDate "1997.02.01"]
[SourceVersion "1"]
[SourceVersionDate "1997.02.01"]
[SourceQuality "1"]

1. d4 {Stohl} Nf6 2. c4 e5 3. dxe5 Ng4 4. Bf4 Nc6 5. Nf3 Bb4+ 6. Nbd2 Qe7 7. a3
(7. e3 {Stohl} Ngxe5 8. Nxe5 Nxe5 9. Be2 O-O 10. O-O Bxd2 11. Qxd2 d6 12. Rfd1
(12. b4 Be6 13. c5 f6 14. Qc3 Qf7 15. Rfc1 d5 16. f3 Nc4 17. e4 c6 18. a4 a6
19. Rc2 Rfd8 20. Rd1 Rd7 21. exd5 cxd5 22. Bxc4 dxc4 23. Bd6 Bf5 24. Re2 Bd3
25. Re3 Re8 26. Rxe8+ Qxe8 27. Re1 $14 {Chetverik,M-Ormos,G/Zalakaros op/1996/}
) 12... b6 13. b4 Bb7 14. Rac1 Rad8 15. Bg3 c5 16. Qb2 f6 17. a4 Nc6 18. Rd2
Nxb4 19. Rcd1 Qe8 20. a5 Rf7 21. axb6 axb6 {Ghane,S-Lendwai,R/Jerevan olm/1996/
} 22. Rxd6 $36) 7... Ncxe5 8. Nxe5 Nxe5 9. e3 Bxd2+ (9... Bd6 10. Ne4 $5 (10.
Be2 Nd3+ 11. Bxd3 Bxf4 $13) 10... Nxc4 11. Nxd6+ Nxd6 12. Rc1 $36) 10. Qxd2 O-O
{[#]} (10... d6 $142 {Stohl} 11. Rc1 (11. b4 O-O 12. Be2 b6 13. c5 dxc5 14. Qd5
Ng6 15. Bg5 Qe5 16. Qxe5 Nxe5 17. bxc5 Bf5 18. O-O Bd3 19. Bxd3 Nxd3 20. Rfd1
Nxc5 21. Be7 Rfb8 22. Bxc5 bxc5 23. Rd5 {1/2,Kouatly,B-Illescas Cordoba,M/
FRA-chT/1989/}) (11. Be2 b6 (11... a5 12. Qc3 b6 13. b4 O-O 14. O-O Re8 15. c5
dxc5 16. bxc5 Qxc5 17. Qxc5 bxc5 18. Rfd1 Bb7 19. Rac1 c4 20. Bxe5 Rxe5 21. Rd7
Ba6 22. Rxc7 g6 23. Bxc4 Bxc4 24. R1xc4 $16 {Razuvaev,Y-Meduna,E/Prague Chip/
1992/}) (11... Bd7 12. O-O Ng6 13. Bg3 h5 $5 14. c5 h4 15. cxd6 Qe6 16. Bf4
Nxf4 17. exf4 Qxd6 18. Qxd6 cxd6 19. Rad1 Rh6 20. Rfe1 O-O-O 21. Bc4 Rf6 22.
Rd4 Re8 23. Kf1 Rxe1+ 24. Kxe1 Bc6 25. g3 $10 {Mohr,S-Forintos,G/Berlin op/
1988/}) 12. b4 Bb7 13. O-O Ng6 14. Bg3 h5 15. f3 h4 16. Bf2 h3 17. g4 f5 18.
gxf5 Qg5+ 19. Bg3 Nh4 20. Rad1 Qxf5 21. e4 Qh5 22. c5 O-O 23. c6 Bxc6 24. Rc1
Bb7 25. Rxc7 Nxf3+ 26. Rxf3 Rxf3 27. Rxb7 $16 {Bareev,E-Mohr,G/Ljubljana/1989/}
) 11... b6 (11... a5 $6 12. c5 $1 {Black must always be alert to this break.
See also the game.} dxc5 13. Qc3 Ng6 14. Qxg7 Be6 15. Bb5+ c6 16. Bd3 f5 17.
Qxe7+ Kxe7 18. Bc7 Bd5 19. f3 Kf6 20. Rxc5 Rhe8 21. Kf2 Ne5 22. Be2 a4 23. Rd1
Re7 24. Bxe5+ Rxe5 25. Rd4 $16 {Fiorito,F-Monetti,C/Villa Ballester op/1996/})
12. c5 bxc5 13. b4 O-O 14. bxc5 Bb7 $32 15. f3 dxc5 16. Qc3 Ng6 17. Bg3 Rfe8
18. Kf2 h5 19. h4 Rad8 20. Bb5 Rf8 21. Be2 Rfe8 22. Qxc5 Rd2 23. Rhe1 Ba6 24.
Qxe7 Nxe7 25. e4 Nf5 26. exf5 Bxe2 27. Rxc7 Bd3+ 28. Kg1 Rxe1+ 29. Bxe1 Rd1 30.
Kf2 Bxf5 31. Rxa7 Ra1 $10 {Lesiege,A-Svidler,P/Oakham/1992/}) 11. c5 $1 {
TN Black falls into a well-known trap. He should have prevented this
space-gaining move, as now he can develop his Q-side pieces only at the cost
of an isolated d-pawn.} (11. Be2 d6 (11... Re8 12. O-O d6 13. Rac1 b6 14. e4
Ng6 15. Bg3 Bb7 16. Rce1 Qf6 17. f3 h5 18. Bf2 Nf4 $132 {1/2-1/2 Schmitz,
Manuela-Spatz,W/BL/ 1994 (48)}) 12. Rc1 (12. O-O Be6 (12... b6 13. Qc3 Bb7 14.
Rfd1 Nd7 15. b4 Rae8 (15... a5 16. f3 f5 17. Bg3 h5 18. c5 $5 bxc5 19. bxa5 Kh8
20. Rab1 Bc6 21. Bb5 Bxb5 22. Rxb5 h4 23. Bf4 h3 24. Rb7 Ne5 25. Rd5 Qe6 26.
Bxe5 Qxd5 27. Bxg7+ Kg8 28. Bxf8 Rxf8 29. Rxc7 $18 {Gulko,B-Lanzani,M/Roma/
1988/}) 16. h3 Qe6 17. Rac1 Qg6 18. f3 Qh5 19. Qb3 Re6 20. c5 bxc5 21. bxc5
Nxc5 22. Rxc5 Qxc5 23. Qxb7 g5 24. Rd5 Qc1+ 25. Rd1 Qc2 26. Bxg5 Qxe2 $17 {
Madsen,D-Engedal,N/NOR-chT/1991/}) 13. Qc3 Ng6 14. Bg3 f5 15. Rae1 Qf6 16. Qc2
Ne5 17. c5 $14 {1-0 Schmitz,Manuela-Pieper Emden/BL1994 (44)}) 12... b6 13. b4
Bb7 14. O-O Ng6 15. Bg3 Nh4 16. f3 Rfe8 17. e4 Rad8 18. Rfe1 Ng6 19. Bf1 $14 {
1-0 Varga,P-Ivan,Z/Harkany op (2) 1995 (42)}) 11... Re8 (11... Qxc5 12. Rc1 Qd6
(12... Qe7 {Stohl} 13. Rxc7 $16 {@}) 13. Qxd6 (13. Qc3 Re8 14. Qxc7 Nd3+ 15.
Bxd3 Qxd3 $13) (13. Qa5 $5 $16) 13... cxd6 14. Rd1 (14. Be2 $5 {(/\15.0-0,16.
Rfd1)}) 14... Re8 15. Rxd6 b6 16. Be2 $14 {two bishops}) (11... b6 $6 {Stohl}
12. Qd5 Nc6 13. Bxc7 $16) (11... d6 {Stohl} 12. cxd6 cxd6 13. Be2 Bf5 14. O-O
Rad8 15. Rac1 Be4 16. b4 a6 17. a4 Rfe8 18. b5 axb5 19. f3 Bc6 20. axb5 Bd7 21.
e4 Be6 22. b6 Rc8 23. Bb5 $16 {Kakhiani,K-Ioseliani,N/Tbilisi/1991/}) 12. Rc1
d6 (12... b6 13. cxb6 cxb6 14. Be2 Bb7 15. O-O $14) (12... c6 {Stohl} 13. Be2
b6 14. b4 (14. Qc3 $16) 14... a5 $5 15. cxb6 axb4 16. axb4 Ba6 17. Bxa6 Rxa6
18. O-O Rxb6 19. Bxe5 Qxe5 20. Qxd7 Rxb4 21. Rxc6 g6 22. Rc8 Rxc8 23. Qxc8+ Kg7
24. h3 Rb2 $14 {Schuh,H-Borik,O/BL 8485/1985/}) 13. cxd6 cxd6 (13... Qxd6 $6 {
Stohl} 14. Qxd6 (14. Qc3 c6 15. Rd1 Nd3+ $1 16. Rxd3 Qxf4 17. Rd8 Qe4 $10)
14... cxd6 15. Rc7 $16 {_|_/+-}) 14. Be2 Be6 15. O-O Rac8 {Black decides to
sacrifice something to get at least some relief from his misery.} (15... Rad8 {
Stohl} 16. Rc3 {[%cal Gc1c8] <->c}) 16. Qd4 (16. Qb4 $142 $5 {Stohl} Rc6 (16...
Nc6 17. Bxd6 Nxb4 (17... Qf6 18. Qc3 $16) 18. Bxe7 $16) 17. Rxc6 bxc6 18. Rd1
c5 19. Qc3 $16) 16... Nc6 $5 (16... b6 {Stohl} 17. Bxe5 dxe5 18. Qxe5 $16 {
gives White an extra pawn in a simple position.}) 17. Qd2 (17. Qxd6 $2 Qf6 $1 {
[/\18...Red8]} (17... Qxd6 {Stohl} 18. Bxd6 Red8 19. Rfd1 Nd4 (19... Bb3 20.
Rd3 Nd4 21. Rxc8 Nxe2+ 22. Kf1 Rxc8 23. Rxb3 $18) 20. exd4 Rxc1 21. Rxc1 Rxd6
22. Rd1 $16) 18. Qd2 (18. Qc5 Qxb2 $132) 18... Red8 $132 19. Qc3 Nd4 $17) 17...
Ne5 (17... d5 18. b4 $5 $14) 18. Rxc8 (18. Qb4 $1 {Stohl -16.Qb4}) 18... Rxc8
19. Rc1 (19. Qd4 {Stohl} Rc2 $132) 19... Rc7 20. Rc3 f6 21. e4 a6 {White's
advantage has a permanent character, but by exchanging the R he squandered a
part of it.} 22. Be3 b5 (22... Nc4 $2 23. Qc1 $18 {(/\24.b3)}) 23. Qc1 Rxc3 24.
Qxc3 Qb7 25. f3 Bc4 (25... d5 $5 $14 {Stohl}) 26. Bd1 $1 {White must keep his
^^, otherwise he has nothing.} Be6 27. Bd4 Nc6 28. Bf2 Qd7 29. h3 {[/\30.Kh2,
31.f4]} d5 30. exd5 Bxd5 (30... Qxd5 {Stohl} 31. Bc2 Qc4 $14) 31. Bc2 Qe6 32.
Qd3 g6 33. Qe3 Qxe3 34. Bxe3 $14 {^^_|_ Stohl: To hold such a position
requires patience and good defensive technique. Black's position is weakened
on both flanks, so he can't allow himself any mistakes. White, on the other
hand, risks nothing and can try to win almost for ever.} Kf7 35. Kf2 Ke6 36.
Bb6 f5 (36... Ne5 {Stohl} 37. Bd4 $5 Nc6 38. Bc3 $14) 37. Be3 {/\g4} (37. Ke3
$6 g5 38. g3 (38. f4 Bxg2 39. fxg5 Bxh3 40. Bb3+ Kd6 $13 (40... Ke5 41. Bc7#)
41. Bg8 Ne7 $13) 38... Ne5 $132) (37. g4 $6 {Stohl} f4 {[%csl Rf3][%cal Rc6e5]
/\Ne5><f3}) 37... Bc4 (37... Ne5 $5 $14 {Stohl}) 38. g4 $5 Ne5 39. Kg3 Be2 (
39... Bd5 {Stohl} 40. gxf5+ gxf5 41. Kf4 Ng6+ 42. Kg5 $16) (39... Bd3 $5 {Stohl
} 40. Bd1 Nc4 41. Bc1 $1 (41. Bd4 g5 $1 $132) 41... Nd6 $14) 40. Kf4 Bd3 (40...
Nxf3 41. gxf5+ gxf5 42. Bxf5+ $18) (40... Nd3+ 41. Kg5 fxg4 42. fxg4 Nxb2 43.
Kh6 $36 (43. Kh6 {Stohl} Nc4 44. Bc1 Ne5 45. Kxh7 Bf1 $132)) 41. Bd1 Bf1 42.
Bd4 Nc6 (42... fxg4 $2 {Stohl} 43. Bxe5 gxh3 44. Bb3+ Bc4 45. Bxc4+ bxc4 46.
Ke4 $18) 43. gxf5+ gxf5 44. Bg7 $16 {><f5,h7} Ne7 (44... Bxh3 45. Be2 $1 {
(/\46.Kg3)} Bg2 46. Kg3 Bh1 47. Kh2 $18) 45. Kg3 $1 (45. h4 Nd5+ 46. Kg5 Ne3
47. Bb3+ Bc4 48. Bxc4+ bxc4 $13) 45... Ng6 (45... Nd5 46. f4 Bd3 47. Be5 $16 {
(/\48.Kh4)}) 46. h4 Bc4 (46... h5 $2 {Stohl} 47. f4 $18) 47. Bc2 (47. h5 {Stohl
} Ne7 $1 {/\} (47... Ne5 48. Kf4 $16) 48. Kf4 $2 Nd5+ $19 {[%cal Rd5e3] /\Ne3})
47... Be2 (47... h5 {Stohl} 48. Bh6 $5 (48. f4 Be2 49. Bb3+ Ke7 50. Kf2 Bg4 51.
Bh6 $36) 48... Be2 (48... Ke5 49. f4+ {[%cal Rc2d1] /\Bd1+-}) (48... Bd5 49.
Bd1 $1 $18) 49. Bg5 $16) 48. h5 Ne5 (48... Ne7 $142 $5 {Stohl} 49. Bb3+ Bc4 50.
Bxc4+ bxc4 51. Kf4 $16) 49. Kf4 Bd3 (49... Nd3+ {Stohl} 50. Kg5 $18) 50. Bd1
Nc4 51. Bc3 Nd6 52. Ke3 (52. Kg5 {Stohl} Nf7+) (52. Bb4 {Stohl} Nc4 $132) 52...
Bc4 (52... Bb1 {Stohl} 53. Bb3+ Nc4+ 54. Kf4 $40) 53. Bc2 Bf1 (53... Bd5 {Stohl
} 54. Kf4 {[%cal Rc3e5] /\Be5+-}) 54. Kf4 {[/\55.Bb4]} Bh3 55. Bd3 {Stohl: By
protecting his Pf5 Black landed his B in big trouble.} Bg2 56. Bb4 $18 (56. h6
$5 {[%cal Rc3e5] Stohl /\Be5+-}) 56... h6 57. Kg3 Bh1 58. Be2 f4+ 59. Kxf4 (59.
Kh2 Nf5 (59... Nf5 {Stohl} 60. Bd1 Ng3 (60... Ne3 61. Bb3+) 61. Be1 $18 {
also wins. But the poor B has nowhere to run.})) 59... Nf5 60. Bc3 Ne7 61. Kg3
Nd5 62. Bd2 Nf6 63. Kh2 Nxh5 64. Bd1 (64. Kxh1 $2 {Stohl} Ng3+ $14) 1-0

[Event "GER-ch 75th"]
[Site "Hoeckendorf"]
[Date "2004.02.02"]
[Round "4"]
[White "Graf, Alexander"]
[Black "Mueller, Karsten"]
[Result "1-0"]
[WhiteElo "2629"]
[BlackElo "2517"]
[Annotator "Gutman,L"]
[PlyCount "41"]
[EventDate "2004.01.30"]
[EventType "swiss"]
[EventRounds "9"]
[EventCountry "GER"]
[SourceTitle "CBM 100"]
[Source "ChessBase"]
[SourceDate "2004.06.01"]
[SourceVersion "1"]
[SourceVersionDate "2004.06.01"]
[SourceQuality "1"]

1. d4 Nf6 2. c4 e5 3. dxe5 Ng4 4. Bf4 Bb4+ 5. Nc3 Nc6 6. Nf3 Qe7 7. Qd5 Bxc3+
8. bxc3 Qa3 (8... f6 9. exf6 Nxf6 10. Qd3 d6) 9. Rc1 d6 (9... f6 10. exf6 Nxf6
{Yakovic- Goret Frasquet, Sevilla 1992,} 11. Qd2 $5) 10. exd6 Be6 11. Qd2 O-O-O
12. Nd4 g5 13. Bxg5 (13. Nxc6 $6 bxc6 14. Bxg5 Rxd6 15. Qc2 Qc5 16. Bh4 Rhd8
17. h3 Bf5 18. Qa4 Ne3 19. Bxd8 Rxd8 20. f3 Bc2 21. Qb4 Qg5 22. Kf2 a5 23. Qb2
Qc5) 13... Rxd6 14. e3 Nxd4 15. cxd4 Rb6 16. Bd3 (16. e4 $5 Rb2 17. Rc2 Rb1+
18. Ke2 Rg8 19. Bf4) 16... Rb2 17. Bc2 Rg8 18. d5 Bd7 $2 (18... Rxg5 19. dxe6
fxe6 20. Rd1 (20. O-O Qd6) 20... Qa5 (20... Qd6 21. Qc3) 21. O-O Qxd2 22. Rxd2)
19. Bf4 Qxa2 20. O-O Qxc4 21. Qd1 1-0

[Event "Sarajevo Bosnia 30th"]
[Site "Sarajevo"]
[Date "2000.05.29"]
[Round "11"]
[White "Bacrot, Etienne"]
[Black "Shirov, Alexei"]
[Result "0-1"]
[WhiteElo "2594"]
[BlackElo "2751"]
[Annotator "Knaak,R"]
[PlyCount "64"]
[EventDate "2000.05.17"]
[EventType "tourn"]
[EventRounds "11"]
[EventCountry "BIH"]
[EventCategory "19"]
[SourceTitle "CBM 077"]
[Source "ChessBase"]
[SourceDate "2000.07.27"]
[SourceVersion "1"]
[SourceVersionDate "2000.07.27"]
[SourceQuality "1"]

1. d4 Nf6 2. c4 e5 3. dxe5 Ng4 4. e4 {Selten gespielt, aber hier bewährt sich
dieser Zug zunächst.} Nxe5 5. f4 Nec6 6. Nf3 (6. Be3 {- main line}) 6... Bc5 7.
Nc3 O-O {Legt sich sehr früh fest.} (7... d6) 8. f5 $5 {Aus strategischer
Sicht spielt Weiß auf Raumvorteil und Begrenzung des Bc8. Andererseits wird
dem Nachziehenden das Feld e5 überlassen.} d6 9. Bg5 f6 10. Bf4 Re8 11. Qd5+
Kh8 12. O-O-O {Weiß hat deutlichen Entwicklungsvorsprung. Die Stellung ist
wohl dennoch im Gleichgewicht.} Nd7 13. h4 ({Hinterher wurde} 13. Qf7 {mit der
Angriffsidee Dh5, h2-h4 und Sf3-g5 als eine Verbesserung angegeben. Doch
Bacrot hat sicher geglaubt, mit weniger spitzfindigen Zügen Vorteil zu
erreichen.}) (13. g4 $142 $13 {(Shirov)}) 13... Nce5 14. h5 {Damit nimmt sich
Weiß selbst die Möglichkeit zu einem Bauernhebel am Königsflügel.} ({In Frage
kommt} 14. Qd2 $5 {um erst danach 15.h5 zu spielen.} Ng4 {(-/+ Shirov)} 15. Nd4
Nde5 16. h5 h6 17. Rh4 $13) 14... h6 15. Qd2 Nf7 {-/+ (Shirov)  Deckt h6
zuverlässig und öffnet die Linie für den Te8. Dass Schwarz hier besser steht,
kann ich mir nicht vorstellen.} 16. Bd3 $6 ({Solider sieht} 16. Qc2 {aus, um
die nun folgende Fesselung gar nicht erst zuzulassen. Ohne Figurentausch
bleibt Schwarz in räumlich gedrängter Lage.}) 16... Bb4 17. Bc2 (17. Qc2 c6 ({
Nach} 17... Bxc3 18. Qxc3 {kann Weiß nicht schlechter stehen.}) 18. a3 Ba5 $13)
17... Nc5 18. Qd5 $6 ({einfach} 18. Rhe1 {(oder Rde1) war geboten.} Bd7 {
"is also clearly better for black (Shirov)".} 19. a3 Bxc3 20. Qxc3 $13) 18...
Kg8 $1 {Schwarz geht in die Fesselung hinein, aber es ist ja nur vorübergehend.
} 19. Ne2 $2 {Nach drei "merkwürdigen" Zügen ist dies nun ein klarer Fehler.} (
19. Bd2 {würde zwar der Dame ein weiteres Rückzugsfeld nehmen, aber konkrete
Aktionen muss Weiß noch nicht fürchten. Mit Rh4 und Rde1 ist noch
Deckungspotential für den Pe4 vorhanden.}) 19... c6 20. Qd4 Bxf5 $1 21. exf5
Rxe2 22. Ng1 Rxg2 23. a3 {[#]} Qd7 $1 {Diese Kombination ist nebenlösig:
gleich Rxc2+ und auch 23...Qc8 leisten das Gleiche.} 24. axb4 Rxc2+ 25. Kxc2
Qxf5+ 26. Kc3 Ne6 27. Qe3 Nxf4 28. Nf3 a5 29. Ra1 axb4+ 30. Kxb4 Rd8 31. Rhf1
Qc2 32. Qc3 c5+ 0-1

[Event "Pamplona"]
[Site "Pamplona"]
[Date "1999.12.28"]
[Round "2"]
[White "Lautier, Joel"]
[Black "Illescas Cordoba, Miguel"]
[Result "1-0"]
[WhiteElo "2653"]
[BlackElo "2600"]
[Annotator "Lautier,J"]
[PlyCount "117"]
[EventDate "1999.12.27"]
[EventType "tourn"]
[EventRounds "9"]
[EventCountry "ESP"]
[EventCategory "15"]
[SourceTitle "CBM 075"]
[Source "ChessBase"]
[SourceDate "2000.04.05"]
[SourceVersion "1"]
[SourceVersionDate "2000.04.05"]
[SourceQuality "1"]

1. d4 Nf6 2. c4 e5 3. dxe5 Ng4 4. Nf3 Bc5 5. e3 Nc6 6. a3 a5 7. b3 O-O 8. Bb2
Re8 9. Nc3 Ncxe5 10. Nxe5 Nxe5 11. Be2 Ra6 12. Nd5 (12. h4 Rh6 13. h5 b6 $11) (
12. Ne4 Bf8 $11) 12... Rh6 13. Qc2 c6 14. Nf4 Bf8 (14... Qh4 15. g3 Qe7 16. Qc3
$14) 15. h3 $5 (15. O-O-O b5 $5 16. cxb5 (16. c5 $6 Qe7 17. Bd4 d6 $15) 16...
cxb5 17. Bxb5 Bb7 (17... Rb6 18. Ba4 Bb7 19. Nd5 $36) 18. Kb1 Qa8 19. f3 Rb6
$132) 15... Ng6 (15... d5 16. Rd1 Rd6 17. cxd5 cxd5 18. O-O $14) (15... Qg5 16.
g3 (16. g4 $6 Nxg4 17. Bxg4 (17. Rg1 $2 Nxe3 $19) 17... Qxf4 $15) (16. O-O-O $6
d5 $1 17. cxd5 $6 Bf5 $1 18. Qc3 cxd5 19. Rxd5 Rc6 20. Bc4 Nxc4 21. bxc4 Rec8
$17) 16... d5 17. cxd5 (17. h4 Qf5 18. Qxf5 Bxf5 19. cxd5 Be4 $132) 17... cxd5
18. h4 Qd8 19. Rd1 Rc6 20. Qb1 Rd6 $13) 16. Nh5 (16. Nxg6 Rxg6 17. Bd3 Rh6 $11)
16... Qg5 (16... Nh4 $2 17. g3 Ng2+ $2 18. Kf1 $18) (16... d5 17. Qc3 (17. Rd1
Qg5 18. g4 dxc4 19. bxc4 $11) 17... Qg5 18. g4 (18. Nxg7 $2 Re5 19. Nh5 Rxh5
20. Bxh5 Qxh5 21. Qxa5 Rg5 $36) 18... Qe5 (18... Ne5 19. O-O-O $36 {/\ f4} (19.
h4 $2 Qg6 20. f3 (20. Nf4 Qe4 $17) 20... Rxh5 21. gxh5 Qg3+ 22. Kd1 dxc4 $36) (
19. cxd5 cxd5 20. Qxa5 Rc6 $14) (19. f4 Qh4+ 20. Kd2 d4 21. exd4 Nd7 22. Rae1
Rhe6 23. Qg3 Qe7 24. Qf2 $14 (24. Bd3 g6 $1 $132))) 19. Qxe5 Nxe5 20. cxd5 cxd5
21. Rd1 $36) 17. g4 Qh4 (17... b5 18. c5 (18. cxb5 cxb5 {/\ Bb7} 19. Qf5 $4
Rxh5 $19) (18. Ng3 Nh4 19. O-O-O bxc4 20. bxc4 d5 $36) 18... Nh4 (18... Qd5 19.
Rg1 $36) 19. O-O-O $36) 18. Ng3 (18. Qc3 $142 Re5 (18... Ne5 19. Qxa5 d5 20.
Ng3) 19. Ng3 d5 20. O-O-O dxc4 21. bxc4 $14) 18... d5 19. O-O-O Ne5 $2 (19...
dxc4 20. Bxc4 (20. bxc4 Ne5 $13) 20... Ne5 $11) 20. Kb1 $2 (20. cxd5 Rd6 (20...
cxd5 21. Bb5 Nc6 (21... Bd7 $2 22. Bxd7 Nxd7 23. Nf5 $18) 22. Rxd5 Be6 23. Rd3
$1 (23. Nf5 $2 Bxd5 24. Nxh4 Bxh1 25. Nf5 Rxh3 $15) (23. Bxc6 Rc8 $44) 23...
Rc8 24. Rc3 $16) 21. Kb1 Rdd8 (21... cxd5 $4 22. Bxe5 $18) 22. dxc6 Nxc6 23.
Bc4 $16) 20... a4 $6 (20... dxc4 21. bxc4 Rd6 $11) 21. b4 $6 (21. cxd5 axb3 (
21... cxd5 $4 22. Bxe5 $18) 22. Qxb3 cxd5 23. Rxd5 Nc6 $14) 21... Nxc4 22. Bxc4
dxc4 23. Qxc4 Be6 $2 (23... Rd6 $1 24. Rxd6 Bxd6 25. Qd4 Bf8 (25... Be5 26. Qe4
) 26. e4 Rd8 27. Qe3 $11) 24. Qf4 $36 {/\ g5} Rg6 (24... Rd8 25. Qc7 Rxd1+ 26.
Rxd1 Qe7 (26... Qxh3 $4 27. Rd8 $18) 27. Qxe7 Bxe7 28. Nh5 $14) 25. e4 c5 (
25... h6 $2 26. Nf5 Qg5 $2 27. Qg3 Bxf5 28. exf5 $18) (25... Rd8 26. Qc7 $36)
26. b5 c4 $2 $138 (26... Qe7 $1 27. Nf5 Bxf5 28. exf5 Rb6 29. Qxa4 Qe2 30. Rhe1
Qxe1 31. Rxe1 Rxe1+ 32. Ka2 $13) 27. Nf5 Bxf5 $2 (27... Qg5 28. Qxg5 Rxg5 29.
f4 Rg6 30. Ne3 $36) 28. exf5 Rb6 29. Qxc4 $16 Qxf2 30. Rd7 Re7 31. Rhd1 $2 $138
(31. Rd8 $1 Re1+ (31... Re2 32. Qb4 Rxb2+ 33. Qxb2 Qxb2+ 34. Kxb2 Rxb5+ 35. Kc2
$18) 32. Ka2 Re2 (32... Rxh1 33. Qb4 $18) 33. Qb4 Rxb2+ 34. Qxb2 Qxb2+ 35. Kxb2
Rxb5+ 36. Kc2 $18 {/\ Re1-e8}) 31... Rxd7 $2 (31... Qe2 $142 32. Qxe2 Rxe2 33.
R1d5 $16) 32. Rxd7 Qe1+ 33. Ka2 Qe8 34. Qd4 $2 (34. Qd5 $1 h6 35. h4 $18) 34...
Rxb5 35. Rd8 Rxb2+ (35... Qe7 $4 36. Qxg7#) 36. Kxb2 Qe2+ (36... Qe7 $1 37. Qd3
b5 $1 $14) 37. Qd2 Qb5+ 38. Ka1 Qf1+ (38... Qc5 $1 39. Qb2 $14) 39. Qd1 Qxd1+
$4 (39... Qxh3 $4 40. Rxf8+ Kxf8 41. Qd8#) (39... Qb5 $8 40. Rc8 $14 (40. Qd6
$6 Qf1+ 41. Kb2 Qe2+ 42. Kc3 Qe3+ 43. Kc4 (43. Kb4 $4 Qd4+ $19) 43... Qb3+ 44.
Kd4 Qd1+ 45. Ke5 $15)) 40. Rxd1 Bxa3 41. Rd8+ Bf8 42. g5 $1 $18 f6 (42... b5
43. f6 $18) 43. g6 hxg6 44. fxg6 b5 45. Rd5 b4 46. Ra5 a3 47. Ka2 Be7 48. Ra8+
Bf8 49. Ra5 Be7 50. Kb3 Bd6 51. h4 Be7 52. h5 Bd6 53. Ra8+ Bf8 54. Rc8 f5 55.
Rd8 f4 56. Rd4 Be7 57. Rxf4 Bd6 58. Rd4 Be7 59. Rc4 1-0

[Event "London"]
[Site "London"]
[Date "1997.10.21"]
[Round "5"]
[White "Shaked, Tal"]
[Black "Lalic, Bogdan"]
[Result "1/2-1/2"]
[WhiteElo "2500"]
[BlackElo "2600"]
[Annotator "Meulders,R"]
[PlyCount "37"]
[EventDate "1997.10.18"]
[EventType "tourn"]
[EventRounds "9"]
[EventCountry "ENG"]
[EventCategory "10"]
[SourceTitle "CBM 062"]
[Source "ChessBase"]
[SourceDate "1998.01.31"]
[SourceVersion "1"]
[SourceVersionDate "1998.01.31"]
[SourceQuality "1"]

1. d4 Nf6 2. c4 e5 3. dxe5 Ng4 4. Nf3 Bc5 5. e3 Nc6 6. Nc3 O-O 7. Be2 Re8 8.
O-O Ncxe5 9. Nxe5 Nxe5 10. b3 (10. a3 a5 11. Kh1 $5 d6 $6 (11... Ra6 12. Qd5 d6
13. Na4 c6 14. Qd2 Be6 15. Nxc5 dxc5 16. Qc2 Qh4 17. e4 $14) 12. f4 Nc6 13. Qd3
Bd7 14. Bd2 Ne7 15. Rae1 Nf5 16. e4 Nd4 17. Bd1 f5 $2 (17... c6 18. Be3 Ne6 19.
f5 Nf8 $14) 18. Be3 $16 fxe4 19. Nxe4 Nc6 20. Ng5 $18 {Meulders-Kruijf,C.
Hilversum Ch. 1996.}) 10... a5 11. Bb2 Ra6 12. Na4 Bf8 13. f4 Nc6 14. c5 Ra8
15. Rf3 d6 16. cxd6 (16. Rg3 dxc5 17. Bd3 (17. Qc2 Qe7 18. Bd3 Nb4 19. Bxh7+
Kh8 20. Qb1 Ra6 21. f5 Rh6 22. f6 Rxf6 23. Bxf6 Qxf6 24. Rf3 Qh6 25. Be4 {
1/2-1/2 Smyslov,V-Drimer,D/Hastings6970 1969/MCL 01}) 17... g6 18. Qf1 Bg7 19.
Bxg7 Kxg7 20. Bb5 Qf6 21. Nxc5 b6 22. f5 Bxf5 23. e4 {1/2-1/2 Kjeldsen,
J-Jaksland,T/DEN-chB 1989/EXT 89ch}) (16. Rc1 $5 dxc5 17. Nxc5 Qxd1+ 18. Bxd1
Bxc5 19. Rxc5 Bg4 20. Rg5 $1 Rad8 (20... Bxf3 21. Rxg7+ Kf8 22. Bxf3 Rxe3 23.
Rxh7 $14) 21. Rxg7+ Kf8 22. Rxg4 Rxd1+ 23. Rf1 Rd2 24. Bg7+ Ke7 25. Rh4 $14)
16... Qxd6 17. Qxd6 Bxd6 18. Rg3 Bf8 19. Nc3 1/2-1/2